000 00988nam0a22002411 4500
001 rc\1091146
005 20250622143045.0
035 _a(NLR Aleph) 006337974
090 _a7614407
_c7614407
100 _a20041126d1984 |||y0rusy50 ca
101 0 _arus
102 _aRU
105 _aa |||||||||
200 1 _aОхрана труда в витаминной промышленности
_eСб. тр.
_fМ-во мед. пром-сти, Всесоюз. пром. об-ние по пр-ву витаминов "Союзвитамины", Науч.-произв. об-ние "Витамины", Всесоюз. н.-и. витамин. ин-т
_gПод ред. к. х. н. Г.П. Черныша
210 _aМ.
_cБ. и.
_d1984 (обл. 1985)
215 _a192 с.
_cил.
_d21
320 _aБиблиогр. в конце тр.
333 _aДСП. Экз. № 000011
801 0 _aRU
_bNLR
_gpsbo
801 1 _aRU
_bELAR
_2rusmarc
852 _aNLR
_j86-50К/2364
942 _cBOOK
980 _aNB